Normale Ansicht MARC-Ansicht ISBD

Gorodskie dviženija Rossii v 2009-2012 godach : (Titelsatznr. 33332)

[ MARC ]
MARC-Details
000 -Satzkennung
Kontrollfeld mit fester Länge 00739nam a22002531c 4500
001 - Kontrollnummer
Kontrollfeld a987675340
008 - Feld mit fester Länge zur physischen Beschreibung - Allgemeine Angaben
Kontrollfeld mit fester Länge 160115s2013 gw a||| 000u rus d
020 ## - Internationale Standardbuchnummer
Internationale Standardbuchnummer 9785444801215
Verknüpfung 978-5-4448-0121-5
041 ## - Sprachcode
Sprachcode des Textes/der Tonspur oder des separaten Titels rus
040 ## - Katalogisierungsquelle
Übertragungsstelle RU-10907106
003 - Kontrollnummer Identifier
Kontrollfeld RU-10907106
245 00 - Titel
Titel Gorodskie dviženija Rossii v 2009-2012 godach :
Zusatz zum Titel na puti k političeskomu
264 ## - Produktion, Veröffentlichung, Distribution, Herstellung und Urheberrechtsvermerk
Herstellungs-, Veröffentlichungs- Vertriebs-, Erzeugungsort Moskva :
Produzent, Herausgeber, Distributor, Hersteller Novoe literaturnoe obozrenie,
Datum der Herstellung, der Veröffentlichung, des Vertriebs oder des Urheberschutzvermerks 2013
300 ## - Physische Beschreibung
Umfang 544 S., Ill.
650 #0 - Nebeneintragung unter einem Schlagwort - Sachschlagwort
Sachschlagwort oder geografischer Name als Eintragungselement Soziologie
650 #0 - Nebeneintragung unter einem Schlagwort - Sachschlagwort
Sachschlagwort oder geografischer Name als Eintragungselement Politische Bewegung
650 #0 - Nebeneintragung unter einem Schlagwort - Sachschlagwort
Sachschlagwort oder geografischer Name als Eintragungselement Zivilgesellschaft
650 #0 - Nebeneintragung unter einem Schlagwort - Sachschlagwort
Sachschlagwort oder geografischer Name als Eintragungselement Protestbewegung
650 #0 - Nebeneintragung unter einem Schlagwort - Sachschlagwort
Sachschlagwort oder geografischer Name als Eintragungselement Politischer Protest
651 #0 - Nebeneintragung unter einem Schlagwort - Geografischer Name
Geografischer Name Russland
655 #0 - Indexierungsterm - Genre/Form
Genre/Form oder fokussierter Term Aufsatzsammlung
700 1# - Nebeneintragung - Personenname
Personenname Clément, Carine = Kleman, Karin
Funktionsbezeichnung HerausgeberIn
942 ## - Zusätzliche Felder (Koha)
Koha-Medientyp Monographien
Exemplare
Ausgeschieden Verloren Klassifikation oder Aufstellungssystematik Beschädigt Nicht entleihbar Heimatbibliothek Aufenthaltsbibliothek Aufstellungsort Erwerbungsdatum Inventarnummer Signatur Barcode Letzte Aktivität Preis gültig von Koha-Medientyp
    Andere/Generische Klassifikation     MWN Osteuropa MWN Osteuropa Magazin - 2 15/01/2016 16-00094 R 72 eg Kle E0040150790B9EA1 23/02/2021 22/03/2021 Monographien